Cogeneración de calor y electricidad

Saved in:
Bibliografiske detaljer
Hovedforfatter: Jutglar i Banyeras, Lluís (Author)
Format: Bog
Sprog:spansk
Udgivet: Barcelona Ceac 1996
Serier:Monografías de Climatización y Ahorro Energético
Fag:
Tags: Tilføj Tag
Ingen Tags, Vær først til at tagge denne postø!

MARC

LEADER 00000nam a2200000 a 4500
001 UCL2155
003 CL-VaPUC
008 031010e19960000SP |||||||||||||||||spa|d
020 |a 8432965537 
082 0 4 |a 697.04  |b JUT  |2 21 
100 |a Jutglar i Banyeras, Lluís  |e author  |9 479171 
245 1 0 |a Cogeneración de calor y electricidad 
300 |a 220 p 
942 |c BK 
945 |d 20031010 00:00:00  |a cmena 
260 |a Barcelona  |b Ceac  |c 1996 
500 |a Incluye diskette programa Cogene para DOS y programa Wincogen para Windows 
650 7 |a CALEFACCION  |2 CL-VaPUC  |9 479172 
650 0 |a Energía eléctrica  |9 256678 
650 0 |a Transferencia de calor  |9 336631 
650 0 |a Termodinámica   |9 259320 
583 |a last modification  |c 20160912 02:06:04  |k Rodrigo Vera 
490 0 |a Monografías de Climatización y Ahorro Energético 
999 |c 305514  |d 305512 
952 |0 0  |1 0  |4 0  |6 697_040000000000000_JUT_1996  |7 0  |8 A  |9 369460  |a BIBMEC  |b BIBMEC  |d 2019-11-21  |i 4294270  |o 697.04 JUT 1996  |p 4294270  |r 2019-11-21  |w 2019-11-21  |y BK  |k MEC